000 01222nam a22002777a 4500
003 PE SENCICO BE
005 20251020182707.0
008 240301b |||||||| |||| 00| 0 eng d
040 _aPE SENCICO BE
_cPE SENCICO BE
041 _aspa
084 _aI
_aDIS
_a1998
_bJ61
100 1 _91998
_aJo Iturrizaga, Carola
_eautor
245 1 _aProyecto (vivienda unifamiliar) /
_bCarola Jo Iturrizaga
246 _aAnálisis e informe de una edificación existente (vivienda unifamiliar)
260 _aLima :
_c1998
300 _a2 v.
_bplanos;
_c30 x 42 cm.
502 _aMonografía de Titulación.-- Servicio Nacional de Capacitación para la Industria de la Construcción. Escuela Superior Técnica. Carrera Profesional Técnica en Diseño de Interiores, 1998
505 0 _av. 1. Proyecto (vivienda unifamiliar) -- v. 2. Análisis e informe de una edificación existente (vivienda unifamiliar)
650 1 0 _944
_aDiseño de interiores
650 2 0 _91628
_aViviendas unifamiliares
650 2 0 _9370
_aArquitectura de viviendas
650 2 0 _9615
_aPlanos
710 1 _aServicio Nacional de Capacitación para la Industria de la Construcción.
_bEscuela Superior Técnica
_91065
910 _bhfp
_chfp
942 _cMON
999 _c4974
_d4974